Managerial finance

Saved in:
Bibliographic Details
Main Author: Weston J. Fred
Format: Book
Published: New York : A harcourt brace jovanovich college publisher, 1916.
Edition:9th ed,
Series:The dryden press series in finance
Subjects:
Tags: Add Tag
No Tags, Be the first to tag this record!

MARC

LEADER 00000nam a2200000 4500
020 |a 978000558832  |c TZS 56,707.42 
040 |a MUL  |b eng.  |e AACR 
082 |a 658.15 WES 
100 |a Weston J. Fred  
245 |a Managerial finance  |c / Fred J. Weston and Thomas E. Copeland 
250 |a 9th ed, 
260 |a New York :  |b A harcourt brace jovanovich college publisher,  |c 1916. 
300 |a xxi, 1182 p. :  |b ill. ;  |c 26 cm. 
440 |a The dryden press series in finance 
504 |a Includes index. 
546 |a eng. 
650 |a Management 
650 |a Finance 
942 |c BK 
999 |c 4494  |d 4494